01313nam a2200349Ia 4500001001200000003000800012006001900020007001500039008004100054020001800095020001800113020001800131040002100149035002100170043001200191050002500203100001900228245008500247260005100332300002400383440002400407504005100431533015200482600003100634600003100665650004700696655002900743700003100772710001700803856012600820999001700946ebr10622068CaPaEBRm u cr cn|||||||||080319s2007 nyua sb 001 0beng d z9781844846559 z9781859956038 z9781780428727 aCaPaEBRcCaPaEBR a(OCoLC)823742370 an-mx---14aND259.R5bS68 2007eb1 aSouter, Gerry.10aDiego Riverah[electronic resource] :bhis art and his passions /cGerry Souter. a[New York] :bParkstone International,cc2007. a255 p. :bcol. ill. 0aTemporis collection aIncludes bibliographical references and index. aElectronic reproduction.bPalo Alto, Calif. :cebrary,d2011.nAvailable via World Wide Web.nAccess may be limited to ebrary affiliated libraries.10aRivera, Diego,d1886-1957.14aRivera, Diego,d1886-1957. 0aPainterszMexicoy20th centuryvBiography. 7aElectronic books.2local1 aRivera, Diego,d1886-1957.2 aebrary, Inc.40uhttp://site.ebrary.com/lib/rucke/Doc?id=10622068zAn electronic book accessible through the World Wide Web; click to view c56870d56870